| 000 | 00614cam a2200157 a 4500 | ||
|---|---|---|---|
| 020 | _a075062888 : | ||
| 082 | 0 | 0 |
_a721 _bKER _cL-NUST, P-39 |
| 245 | 0 | 0 |
_aUser participation in building design and management : _ba generic approach to building evaluation / _cby David Kernohan ... [et al.]. |
| 260 |
_aOxford, OX ; _aBoston : _bButterworth Architecture, _c1992. |
||
| 300 |
_axix, 157 p. : _bill., map ; _c24 cm. |
||
| 526 |
_a0 _b0 _c0 _d721_000000000000000_KER |
||
| 650 | 0 |
_aArchitectural design _xEvaluation. _932881 |
|
| 650 | 0 |
_aBuildings _xPerformance. _932059 |
|
| 700 | 1 |
_aKernohan, David, _945748 |
|
| 942 |
_2ddc _cBK |
||
| 999 |
_c549206 _d549206 |
||